000 00892cam a22002657a 4500
001 78927
003 BD-RjUL
005 20211209083206.0
008 210226s20161437ir b 000 0 ara
020 _a9953432678
_c: tk.858.00
035 _a(BD-RjUL)78207
040 _aDLC-R
_cDLC-R
_dDLC
_beng
041 _aara
066 _c(3
082 _223
_a297.265
_bSAT 2016
100 1 _aصابوني، محمد علي. ;; Ṣabuni, Muḥammad ʻAli.
_9244561
245 1 3 _aالتبيان في علوم القرآن ;; al tabyan fi ulum al quran
_cمحمد علي الصابوني ;; Muḥammad Ali al-Ṣabuni.
260 _aBairut :
_bMaktubat al Asriah ,
_c2016-1437
300 _a239 p. ;
_c23 cm.
504 _aIncludes bibliographical references.
650 _aQur'an & Tafseer
_9245268
650 _aQur'anic Sciences
_9245269
650 _aUloom ul Quran
_9245270
942 _2ddc
_cBK
999 _c78927
_d78927